Athenian democracy : modern mythmakers and ancient theorists /

Bibliographic Details
Main Author: Saxonhouse, Arlene W.
Format: Book
Language:English
Published: Notre Dame : University of Notre Dame Press, [1996]
Series:Frank M. Covey, Jr. Loyola lectures in political analysis.
Subjects:

MARC

Tag First Indicator Second Indicator Subfields
LEADER 00000cam a2200000 a 4500
001 in00001329521
005 20151005082221.0
008 951129s1996 inu b 001 0 eng
010 |a  95047268  
020 |a 0268006504 (alk. paper) 
035 |a (OCoLC)33897553 
035 |9 AHD5008AM 
040 |a DLC  |c DLC  |d C#P  |d TXA  |d UtOrBLW 
043 |a e-gr--- 
049 |a TXAM 
050 0 0 |a JC75.D36  |b S39 1996 
082 0 0 |a 320.438/5  |2 20 
100 1 |a Saxonhouse, Arlene W. 
245 1 0 |a Athenian democracy :  |b modern mythmakers and ancient theorists /  |c Arlene W. Saxonhouse. 
264 1 |a Notre Dame :  |b University of Notre Dame Press,  |c [1996] 
264 4 |c ©1996 
300 |a x, 173 pages ;  |c 23 cm. 
336 |a text  |b txt  |2 rdacontent 
337 |a unmediated  |b n  |2 rdamedia 
338 |a volume  |b nc  |2 rdacarrier 
490 1 |a Frank M. Covey, Jr. Loyola lectures in political analysis 
504 |a Includes bibliographical references (pages 159-166) and index. 
650 0 |a Democracy  |z Greece  |x History. 
650 0 |a Democracy  |z Greece  |z Athens  |x History. 
830 0 |a Frank M. Covey, Jr. Loyola lectures in political analysis. 
999 |a MARS 
999 f f |s fefd055a-f77f-3992-be44-6872349955d9  |i 00c8b396-9c46-3743-8d1f-3c19bf8b6b3a  |t 0 
952 f f |p ric  |a Texas A&M University  |b Rellis Campus  |c Joint Library Facility  |d Remote Storage  |t 0  |e JC75.D36 S39 1996  |h Library of Congress classification  |i unmediated -- volume  |m A14820510983 
998 f f |a JC75.D36 S39 1996  |t 0  |l Remote Storage